[Event "GER-ch Amateurs"]
[White "Hoefle, Jan"]
[Black "Sander, Manuel"]
[Site "Bad Wildungen"]
[Round "5"]
[Result "1-0"]
[Date "2024.??.??"]
[WhiteElo "1765"]
[BlackElo "1695"]
[PlyCount "87"]
[EventDate "2024.08.03"]
[EventType "swiss"]
[EventRounds "5"]
[EventCountry "GER"]
[SourceTitle "CBM 221 Extra"]
[Source "ChessBase"]
[SourceDate "2024.09.30"]
[SourceVersion "1"]
[SourceVersionDate "2024.09.30"]
[SourceQuality "1"]

1. e4 g6 2. d4 Bg7 3. Nf3 d6 4. Be3 Nf6 5. Nbd2 b6 6. c3 Bb7 7. e5 Nd5 8. Bg5 dxe5 9. dxe5 h6 10. Bh4 Nc6 11. Qa4 0-0 12. e6 fxe6 13. Qe4 Nf4 14. Bg3 Qd5 15. Qc2 Ne5 16. Bxf4 Rxf4 17. 0-0-0 Nxf3 18. gxf3 Qh5 19. Bd3 Bxf3 20. Nxf3 Qxf3 21. Bxg6 Qxf2 22. Qb3 Rf6 23. Bc2 Raf8 24. Rhe1 Qf4+ 25. Kb1 Qg4 26. Re4 Qh3 27. Rde1 Kh8 28. a3 Qxh2 29. Rxe6 Rf2 30. Rxe7 a5 31. Qa4 R2f4 32. Qd7 Rf1 33. Qd3 Rxe1+ 34. Rxe1 Kg8 35. Re7 Qg1+ 36. Ka2 Rf6 37. Qh7+ Kf8 38. Qe4 Kg8 39. Rxc7 Qg3 40. Rc8+ Rf8 41. Rc6 Qe5 42. Qh7+ Kf7 43. Bb3+ Ke8 44. Re6+ 1-0